Экономикс: завершение "спора двух Кембриджей": монография

Dades bibliogràfiques
Autor principal: Гродский В. С. Владимир Сергеевич
Sumari:В монографии впервые всесторонне исследованы два основных направления современной экономике — мейнстрим и неорикардианство, находящиеся в состоянии так называемого спора двух Кембриджем. Показаны теоретические достоинства и недостатки направлений, а также даны конкретные предложения для их синтеза. Представлены авторские трактовки многих вопросов экономической теории, направленные на повышение ее системности, логической упорядоченности и предсказуемости дальнейшего развития. Адресуется научным работникам, студентам магистратуры и преподавателям, специпизирующимся в области экономики.
Idioma:rus
Publicat: Москва, РИОР, 2021
Col·lecció:Научная мысль
Matèries:
Format: MixedMaterials Llibre
KOHA link:https://koha.lib.tpu.ru/cgi-bin/koha/opac-detail.pl?biblionumber=347892

MARC

LEADER 00000nam0a2200000 4500
001 347892
005 20231102010040.0
010 |a 9785369018682 
010 |a 978-5-16-016987-3 
035 |a (RuTPU)RU\TPU\book\379847 
090 |a 347892 
100 |a 20220801d2021 k y0rusy50 ca 
101 0 |a rus 
102 |a RU 
105 |a a z 001zy 
200 1 |a Экономикс: завершение "спора двух Кембриджей"  |e монография  |f В. С. Гродский 
210 |a Москва  |c РИОР  |c Инфра-М  |d 2021 
215 |a 323 с.  |c ил. 
225 1 |a Научная мысль 
320 |a Библиогр.: с. 321-322 
330 |a В монографии впервые всесторонне исследованы два основных направления современной экономике — мейнстрим и неорикардианство, находящиеся в состоянии так называемого спора двух Кембриджем. Показаны теоретические достоинства и недостатки направлений, а также даны конкретные предложения для их синтеза. Представлены авторские трактовки многих вопросов экономической теории, направленные на повышение ее системности, логической упорядоченности и предсказуемости дальнейшего развития. Адресуется научным работникам, студентам магистратуры и преподавателям, специпизирующимся в области экономики. 
606 1 |a Экономикс  |2 stltpush  |3 (RuTPU)RU\TPU\subj\37361  |9 58391 
610 1 |a экономика 
610 1 |a мейнстрим 
610 1 |a неорикардианство 
610 1 |a экономическая теория 
610 1 |a микроэкономические процессы 
610 1 |a макроэкономика 
610 1 |a Кембриджский спор 
610 1 |a капитал 
610 1 |a ценообразование 
610 1 |a конкуренция 
610 1 |a макроэкономическое равновесие 
610 1 |a монографии 
686 |a У011  |v LBC/SL-A  |2 rubbk 
700 1 |a Гродский  |b В. С.  |g Владимир Сергеевич 
801 1 |a RU  |b 63413507  |c 20220801 
801 2 |a RU  |b 63413507  |c 20221003  |g RCR 
942 |c BK 
959 |a 14/20220801  |d 1  |e 1408,27  |f ЧЗТЛ:1